Music Quiz

Random Music or Lyrics Quiz

'Wuthering Heights' by Kate Bush lyrics Quiz Stats

 Plays Quiz not verified by Sporcle

Also try: House & Home Songs
Challenge
Share
Tweet
Embed
Score 0/254 Timer 07:00
3 Plays Today
% Correct
the
99.2%
and
99.2%
a
99.2%
the
99.2%
the
99.2%
a
99.2%
a
99.2%
the
99.2%
a
99.2%
the
99.2%
the
99.2%
a
99.2%
a
99.2%
a
99.2%
a
99.2%
I
98.6%
I
98.6%
I
98.6%
I
98.6%
I
98.6%
I
98.6%
I
98.6%
me
98%
me
98%
me
98%
me
98%
me
98%
me
98%
me
98%
me
98%
me
98%
me
98%
me
98%
me
98%
me
98%
me
98%
me
98%
me
98%
me
98%
me
98%
me
98%
it
96.9%
it
96.9%
it
96.9%
it
96.9%
it
96.9%
in
96.8%
you
96.8%
you
96.8%
you
96.8%
you
96.8%
you
96.8%
in
96.8%
in
96.8%
in
96.8%
you
96.8%
you
96.8%
in
96.8%
in
96.8%
in
96.8%
you
96.8%
in
96.8%
in
96.8%
its
95.8%
its
95.8%
its
95.8%
its
95.8%
its
95.8%
its
95.8%
its
95.8%
its
95.8%
its
95.8%
its
95.8%
its
95.8%
its
95.8%
its
95.8%
cathy
94.7%
cathy
94.7%
cathy
94.7%
cathy
94.7%
cathy
94.7%
cathy
94.7%
cathy
94.7%
on
94.4%
on
94.4%
% Correct
to
93.6%
to
93.6%
to
93.6%
to
93.6%
to
93.6%
heathcliff
92.9%
so
92.9%
heathcliff
92.9%
so
92.9%
heathcliff
92.9%
heathcliff
92.9%
so
92.9%
heathcliff
92.9%
so
92.9%
heathcliff
92.9%
so
92.9%
heathcliff
92.9%
so
92.9%
home
92.5%
home
92.5%
home
92.5%
home
92.5%
home
92.5%
home
92.5%
home
92.5%
come
92.4%
come
92.4%
come
92.4%
come
92.4%
come
92.4%
come
92.4%
my
91.1%
my
91.1%
my
91.1%
my
91.1%
out
90.5%
window
90.1%
window
90.1%
window
90.1%
window
90.1%
window
90.1%
window
90.1%
cold
89.7%
cold
89.7%
cold
89.7%
cold
89.7%
cold
89.7%
cold
89.7%
your
89.1%
your
89.1%
your
89.1%
your
89.1%
your
89.1%
your
89.1%
your
89.1%
your
89.1%
too
89%
too
89%
too
89%
too
89%
let
88.8%
let
88.8%
let
88.8%
let
88.8%
let
88.8%
let
88.8%
let
88.8%
let
88.8%
let
88.8%
let
88.8%
windy
87.5%
wuthering
86.8%
wuthering
86.8%
wuthering
86.8%
wuthering
86.8%
wuthering
86.8%
wuthering
86.8%
had
86.5%
like
86.3%
heights
86.2%
heights
86.2%
temper
86%
jealousy
85.3%
moors
84.2%
ive
83.7%
% Correct
im
83.7%
ive
83.7%
im
83.7%
im
83.7%
im
83.7%
im
83.7%
ive
83.7%
im
83.7%
ive
83.7%
im
83.7%
ive
83.7%
im
83.7%
ive
83.7%
im
83.7%
loved
83%
night
83%
night
83%
hated
81.2%
needed
80.8%
when
79.2%
greedy
77.8%
leave
77.4%
leave
77.4%
how
77%
could
76.7%
dream
76.7%
fight
75.4%
was
74.5%
bad
74.3%
lose
73.9%
dreams
73%
going
72.8%
possess
72.7%
told
71.7%
side
69.1%
side
69.1%
hot
68.4%
roll
67.1%
dark
66.6%
gets
66.4%
gets
66.4%
other
65.8%
fall
65.4%
lonely
65.2%
from
64.6%
coming
62.1%
coming
62.1%
coming
62.1%
ooh
61%
ooh
61%
ooh
61%
they
60.8%
have
60.3%
have
60.3%
now
60.2%
only
60.2%
green
60%
back
60%
back
60%
behind
59.7%
wed
59.5%
one
58.7%
master
57.7%
wiley
56.4%
soul
54.3%
soul
54.3%
lot
52%
lot
52%
right
48.3%
grab
48.1%
grab
48.1%
put
47.9%
cruel
47.4%
without
43.9%
find
43.8%
long
43.6%
pine
43.5%
know
42.8%
roam
41.6%
through
39.9%
away
38.7%
away
38.7%
his
34.2%
falls
28.7%

You're not logged in!

Compare scores with friends on all Sporcle quizzes.
OR
Log In

You Might Also Like...

Show Comments

Extras

Created Feb 11, 2014ReportNominate
Tags:Lyrics Quiz, Kate Bush

Top Quizzes Today


Score Distribution

Your Account Isn't Verified!

In order to create a playlist on Sporcle, you need to verify the email address you used during registration. Go to your Sporcle Settings to finish the process.

Report this User

Report this user for behavior that violates our Community Guidelines.

Details: